000 00327nam a2200145Ia 4500
003 OSt
005 20240307163020.0
008 170524s9999 xx 000 0 und d
020 _aNIL
040 _cIIMTU MEERUT
100 _aSINGH- S. B.
245 0 _aPROFESSIONAL COMMUNICATION
260 _bBHARAT BHARATI
942 _2ddc
_c02
999 _c7617
_d7617